Co to za logo? #2 (Kluby piłkarskie) - Statystyki

Ogólne statystyki
  • Ten quiz został rozwiązany 220 razy
    209 od ostatniego zresetowania
  • Średni wynik to 12 z 16
Statystyki odpowiedzi
Obrazkowy Odpowiedź % Poprawnych
Napoli
98%
Sevilla
91%
FC Porto
90%
Liverpool
89%
Bologna
84%
Fiorentina
83%
Fulham
82%
Miedź Legnica
79%
Wolverhampton
79%
Eintracht Frankfurt
68%
Anderlecht
67%
Flamengo
66%
Stuttgart
66%
Fluminense
56%
Górnik Łęczna
54%
Salernitana
54%
Nie znaleziono quizów pasujących do podanych kryteriów
Rozkład punktacji
Procent ludzi z każdym wynikiem
Percentyl według liczby udzielonych odpowiedzi
Twoja historia wyników
Nie rozwiązałeś tego quizu od ostatniego zresetowania